000 00607nam a2200217Ia 4500
003 OSt
005 20220928135450.0
006 a|||||r|||| 00| 0
007 ta
008 220927b |||||||| |||| 00| 0 eng d
024 _a2345
037 _cTextual
040 _aSDCL
_cSDCL
_beng
041 _2eng
_aeng
082 _aO-,1J520mK08:g, L4
100 _aCullen Patrick
_9490816
245 0 _aInfernal triad
_b The flesh, the world, and the devil in Spenser and Milton
260 _c1974
942 _hO-,1J520mK08:g, L4
_cTEXL
_2CC
999 _c806156
_d806156